[Event "Catalunya-ch Seniors"]
[Site "Malgrat del Mar"]
[Date "2023.05.18"]
[Round "5"]
[White "Lluverol Torrents, Salvador"]
[Black "De la Plaza Gras, Jordi"]
[Result "1/2-1/2"]
[WhiteElo "1866"]
[BlackElo "1993"]
[PlyCount "51"]
[EventDate "2023.05.14"]
[EventType "swiss"]
[EventRounds "8"]
[EventCountry "ESP"]
[SourceTitle "CBM 214 Extra"]
[Source "ChessBase"]
[SourceDate "2023.07.31"]
[SourceVersion "1"]
[SourceVersionDate "2023.07.31"]
[SourceQuality "1"]

1. d4 f5 2. Nf3 Nf6 3. g3 g6 4. Bg2 Bg7 5. c4 d6 6. Nc3 0-0 7. 0-0 c6 8. Qb3 Qb6 9. Qc2 Kh8 10. Rb1 Be6 11. b3 Qc7 12. Bd2 Bg8 13. e4 fxe4 14. Nxe4 Nbd7 15. Rbe1 Nxe4 16. Rxe4 e5 17. Rh4 Bf6 18. Ng5 Bxg5 19. Bxg5 Rf5 20. Be3 Nf8 21. Be4 Rf6 22. dxe5 dxe5 23. Rd1 Rd6 24. f4 Rad8 25. Re1 Bf7 26. f5 1/2-1/2

[Event "Catalunya-ch Seniors"]
[Site "Malgrat del Mar"]
[Date "2023.05.17"]
[Round "4"]
[White "De la Plaza Gras, Jordi"]
[Black "Walter Travella, German"]
[Result "1/2-1/2"]
[WhiteElo "1993"]
[BlackElo "1750"]
[PlyCount "66"]
[EventDate "2023.05.14"]
[EventType "swiss"]
[EventRounds "8"]
[EventCountry "ESP"]
[SourceTitle "CBM 214 Extra"]
[Source "ChessBase"]
[SourceDate "2023.07.31"]
[SourceVersion "1"]
[SourceVersionDate "2023.07.31"]
[SourceQuality "1"]

1. d4 d6 2. Bf4 Nd7 3. Nf3 Ngf6 4. Nc3 c5 5. d5 Qa5 6. Qd3 b5 7. Qxb5 Qxb5 8. Nxb5 Nxd5 9. Bd2 a6 10. Nc3 Bb7 11. g3 Nb4 12. Rc1 Ne5 13. Bg2 e6 14. a3 Nxf3+ 15. exf3 Nc6 16. f4 Na5 17. Nd5 Bxd5 18. Bxd5 exd5 19. Bxa5 Rb8 20. Rb1 Rb5 21. Bd2 f5 22. 0-0 Be7 23. a4 Rb7 24. b4 Kf7 25. bxc5 Rxb1 26. Rxb1 dxc5 27. Rb6 Ra8 28. Kf1 Ra7 29. Ke2 Ke8 30. Kd3 Kd7 31. Be3 Bd8 32. Rb8 Kc7 33. Rb1 Kc6 1/2-1/2

[Event "Catalunya-chT Gp1"]
[Site "Barcelona"]
[Date "2023.01.28"]
[Round "2.10"]
[White "De la Plaza Gras, Jordi"]
[Black "Gonzalez Garcia, Marc"]
[Result "0-1"]
[WhiteElo "2008"]
[BlackElo "2135"]
[PlyCount "88"]
[EventDate "2023.01.21"]
[EventType "team-tourn"]
[EventRounds "7"]
[EventCountry "ESP"]
[SourceTitle "CBM 213 Extra"]
[Source "ChessBase"]
[SourceDate "2023.05.31"]
[SourceVersion "1"]
[SourceVersionDate "2023.05.31"]
[SourceQuality "1"]
[WhiteTeam "Sant Cugat"]
[BlackTeam "Andorra"]
[WhiteTeamCountry "ESP"]
[BlackTeamCountry "AND"]

1. d4 d5 2. Bf4 c5 3. e3 cxd4 4. exd4 Nc6 5. c3 Bf5 6. Qb3 Qd7 7. Nf3 f6 8. h3 e6 9. Na3 g5 10. Bg3 a6 11. Nc2 Nge7 12. Ne3 Bg6 13. h4 gxh4 14. Bxh4 Bg7 15. Rd1 0-0 16. Bd3 b5 17. a3 Na5 18. Qc2 Nc4 19. Bxg6 hxg6 20. Bg3 Kf7 21. Ke2 Rh8 22. Rde1 a5 23. Nxc4 bxc4 24. Rxh8 Rxh8 25. Kd1 g5 26. Kc1 Nf5 27. Kb1 Bf8 28. Rf1 Be7 29. Nxg5+ fxg5 30. Be5 Rh4 31. g3 Rh3 32. g4 Nd6 33. f4 Ne4 34. Qg2 Rh7 35. fxg5+ Kg6 36. Rh1 Bxg5 37. Re1 Qb7 38. Ka1 Kf7 39. Qf3+ Ke8 40. Rh1 Qf7 41. Qg2 Qf2 42. Rg1 Qxg2 43. Rxg2 Rh1+ 44. Ka2 a4 0-1

[Event "Catalunya-ch U50"]
[Site "Santa Susanna"]
[Date "2022.05.22"]
[Round "8"]
[White "Codina Garcia, Jose"]
[Black "De la Plaza Gras, Jordi"]
[Result "0-1"]
[WhiteElo "1894"]
[BlackElo "1999"]
[PlyCount "68"]
[EventDate "2022.05.15"]
[EventType "swiss"]
[EventRounds "8"]
[EventCountry "CAT"]
[SourceTitle "EXT 2023"]
[Source "ChessBase"]
[SourceDate "2022.10.05"]
[SourceVersion "1"]
[SourceVersionDate "2022.10.05"]
[SourceQuality "1"]

1. e4 c5 2. Nf3 Nc6 3. d4 cxd4 4. Nxd4 g6 5. Nc3 Bg7 6. Be3 Nf6 7. Be2 0-0 8. 0-0 d6 9. Qd2 Bd7 10. f3 a6 11. Bc4 Na5 12. Bb3 Rc8 13. Bh6 Nc4 14. Bxc4 Rxc4 15. Bxg7 Kxg7 16. Kh1 Qb6 17. Nb3 Rfc8 18. Rfe1 Be6 19. Qe3 Qxe3 20. Rxe3 b5 21. a3 Nd7 22. Rd1 Nb6 23. Na5 Na4 24. Nxa4 bxa4 25. Rc3 Rxc3 26. bxc3 Rxc3 27. Kg1 Rc5 28. Nb7 Rb5 29. Nd8 Bd7 30. e5 Rb8 31. exd6 e6 32. c4 Rxd8 33. c5 Rc8 34. Rc1 Kf8 0-1

[Event "Catalunya-ch U50"]
[Site "Santa Susanna"]
[Date "2022.05.19"]
[Round "5"]
[White "De la Plaza Gras, Jordi"]
[Black "Melero Sanchez, Pere"]
[Result "1-0"]
[WhiteElo "1999"]
[BlackElo "1849"]
[PlyCount "71"]
[EventDate "2022.05.15"]
[EventType "swiss"]
[EventRounds "8"]
[EventCountry "CAT"]
[SourceTitle "EXT 2023"]
[Source "ChessBase"]
[SourceDate "2022.10.05"]
[SourceVersion "1"]
[SourceVersionDate "2022.10.05"]
[SourceQuality "1"]

1. d4 Nf6 2. Bf4 e6 3. e3 b6 4. Qf3 d5 5. Nc3 Bb4 6. Nge2 Ba6 7. 0-0-0 0-0 8. g4 Nbd7 9. g5 Ne8 10. h4 Bd6 11. Bh3 c6 12. h5 e5 13. Bxd7 exf4 14. Bxc6 Rc8 15. Bxd5 Qxg5 16. Rhg1 Qh6 17. Ne4 fxe3 18. fxe3 Bxe2 19. Qxe2 Be7 20. Ng3 Nd6 21. Kb1 Bh4 22. e4 Kh8 23. Qg4 Bxg3 24. Rxg3 Rc7 25. e5 Ne8 26. Be4 f6 27. Rf3 Rcf7 28. Rdf1 Qd2 29. Qf5 Qh6 30. Bd5 Rc7 31. Bb3 a5 32. d5 b5 33. a4 Rc5 34. Qd7 Rc7 35. Qxb5 Qxh5 36. d6 1-0

[Event "Catalunya-ch U50"]
[Site "Santa Susanna"]
[Date "2022.05.16"]
[Round "2"]
[White "Coll Sola, Joan"]
[Black "De la Plaza Gras, Jordi"]
[Result "1/2-1/2"]
[WhiteElo "1946"]
[BlackElo "1999"]
[PlyCount "102"]
[EventDate "2022.05.15"]
[EventType "swiss"]
[EventRounds "8"]
[EventCountry "CAT"]
[SourceTitle "EXT 2023"]
[Source "ChessBase"]
[SourceDate "2022.10.05"]
[SourceVersion "1"]
[SourceVersionDate "2022.10.05"]
[SourceQuality "1"]

1. e4 c6 2. d4 d5 3. exd5 cxd5 4. Bd3 Nc6 5. c3 Qc7 6. Ne2 Bg4 7. f3 Bh5 8. Bf4 Qd7 9. Nd2 e6 10. b4 Rc8 11. Nb3 b6 12. Ba6 Rd8 13. a4 Bd6 14. 0-0 Nge7 15. a5 0-0 16. Bb5 Bg6 17. Qd2 Qc7 18. Bxd6 Qxd6 19. Nf4 f6 20. axb6 axb6 21. Nxg6 hxg6 22. f4 Rc8 23. Ra6 Nb8 24. Ra3 Rc7 25. Nc1 Kf7 26. Nd3 Nc8 27. Ne5+ Kg8 28. Nxg6 Rd8 29. Qe2 Ne7 30. Qh5 Nxg6 31. Qxg6 Nd7 32. Bxd7 Qxd7 33. Rf3 Qe8 34. Qd3 Ra8 35. Rxa8 Qxa8 36. Re3 Kf7 37. h3 Qa1+ 38. Kh2 Qc1 39. Rf3 Qe1 40. Rg3 Qe4 41. Qxe4 dxe4 42. Re3 f5 43. g4 Ke7 44. Kg3 Kd6 45. Kh4 Kd5 46. Kg5 fxg4 47. hxg4 Rf7 48. Rh3 b5 49. Re3 Rf6 50. Rh3 Rf7 51. Re3 Rf6 1/2-1/2

[Event "Catalunya-chT Gp1"]
[Site "Barcelona"]
[Date "2022.03.05"]
[Round "7.9"]
[White "De la Plaza Gras, Jordi"]
[Black "Luke Brezmes, Cristofer"]
[Result "0-1"]
[WhiteElo "2049"]
[BlackElo "2040"]
[PlyCount "80"]
[EventDate "2022.01.22"]
[EventType "team-tourn"]
[EventRounds "9"]
[EventCountry "ESP"]
[SourceTitle "EXT 2023"]
[Source "ChessBase"]
[SourceDate "2022.10.05"]
[SourceVersion "1"]
[SourceVersionDate "2022.10.05"]
[SourceQuality "1"]
[WhiteTeam "Sant Cugat"]
[BlackTeam "Geva CEA"]
[WhiteTeamCountry "ESP"]
[BlackTeamCountry "ESP"]

1. d4 d5 2. Bf4 Nf6 3. e3 e6 4. Nd2 Bd6 5. Bg3 0-0 6. Bd3 c5 7. c3 Qc7 8. Ngf3 Nbd7 9. Bxd6 Qxd6 10. 0-0 e5 11. dxe5 Nxe5 12. Nxe5 Qxe5 13. Nf3 Qh5 14. Be2 b6 15. Qa4 Re8 16. Qh4 Qxh4 17. Nxh4 g5 18. Nf3 g4 19. Nd2 c4 20. Rfd1 Bf5 21. Nf1 h5 22. Ng3 Bg6 23. Bf1 h4 24. Ne2 Re5 25. Rd4 Kg7 26. Rad1 Be4 27. Nf4 Kh6 28. Be2 Rg8 29. Kf1 h3 30. g3 a5 31. R1d2 b5 32. a3 Rb8 33. Bd1 b4 34. axb4 axb4 35. Bc2 bxc3 36. bxc3 Bxc2 37. Rxc2 Rb1+ 38. Ke2 Rh1 39. Nxh3 gxh3 40. Rh4+ Rh5 0-1

[Event "Catalunya-chT Gp1"]
[Site "Barcelona"]
[Date "2022.02.26"]
[Round "6.8"]
[White "De la Plaza Gras, Jordi"]
[Black "Roca Planas, Edgar"]
[Result "0-1"]
[WhiteElo "2049"]
[BlackElo "2112"]
[PlyCount "82"]
[EventDate "2022.01.22"]
[EventType "team-tourn"]
[EventRounds "9"]
[EventCountry "ESP"]
[SourceTitle "CBM 208 Extra"]
[Source "ChessBase"]
[SourceDate "2022.07.31"]
[SourceVersion "1"]
[SourceVersionDate "2022.07.31"]
[SourceQuality "1"]
[WhiteTeam "Sant Cugat"]
[BlackTeam "Sant Andreu"]
[WhiteTeamCountry "ESP"]
[BlackTeamCountry "ESP"]

1. d4 Nf6 2. Bf4 d5 3. e3 c5 4. c3 Nc6 5. Nd2 Bf5 6. Qb3 Qd7 7. Ngf3 c4 8. Qd1 e6 9. Ne5 Nxe5 10. dxe5 Ne4 11. Nxe4 Bxe4 12. f3 Bg6 13. Qd2 b5 14. a3 Bc5 15. Be2 a5 16. Bg3 Qc6 17. 0-0 0-0 18. Bf2 Qc7 19. f4 Qb6 20. Bf3 b4 21. axb4 axb4 22. g4 Bd3 23. Rfe1 h6 24. Bg2 Rfb8 25. Rxa8 Rxa8 26. e4 d4 27. cxd4 Bxd4 28. Bf1 Ra2 29. Bxd3 cxd3 30. Rb1 Qc5 31. Bxd4 Qxd4+ 32. Kf1 Qxe4 33. Kf2 Qd4+ 34. Kf3 b3 35. Qc3 Qd5+ 36. Ke3 Ra4 37. Qxd3 Qg2 38. Qd8+ Kh7 39. Qd3+ g6 40. Rf1 Qxb2 41. Rb1 Qxh2 0-1

[Event "Catalunya-chT Gp1"]
[Site "Barcelona"]
[Date "2022.02.19"]
[Round "5.10"]
[White "Delgado Pico, Lluis"]
[Black "De la Plaza Gras, Jordi"]
[Result "0-1"]
[WhiteElo "1989"]
[BlackElo "2049"]
[PlyCount "106"]
[EventDate "2022.01.22"]
[EventType "team-tourn"]
[EventRounds "9"]
[EventCountry "ESP"]
[SourceTitle "CBM 208 Extra"]
[Source "ChessBase"]
[SourceDate "2022.07.31"]
[SourceVersion "1"]
[SourceVersionDate "2022.07.31"]
[SourceQuality "1"]
[WhiteTeam "Gramenet"]
[BlackTeam "Sant Cugat"]
[WhiteTeamCountry "ESP"]
[BlackTeamCountry "ESP"]

1. d4 d5 2. Bf4 Bf5 3. e3 e6 4. c4 Bxb1 5. Qxb1 Bb4+ 6. Kd1 Bd6 7. Bg3 Nf6 8. Bd3 dxc4 9. Bxc4 Bxg3 10. hxg3 c5 11. Nf3 Nc6 12. Qd3 cxd4 13. exd4 Qd6 14. Ke2 h6 15. a3 Rd8 16. Rad1 a6 17. Ba2 Rd7 18. Bb1 Ke7 19. Rd2 Rhd8 20. Rhd1 g5 21. Kf1 g4 22. Nh4 Qxd4 23. Qc2 Qb6 24. Rxd7+ Rxd7 25. Re1 Qb5+ 26. Kg1 Nd4 27. Qc8 Qa5 28. b4 Qg5 29. Kh2 h5 30. Qh8 Rd8 31. Ng6+ Qxg6 32. Qxd8+ Kxd8 33. Bxg6 fxg6 34. Re5 Ke7 35. Rc5 Nc6 36. b5 axb5 37. Rxb5 Nd8 38. f3 gxf3 39. gxf3 Nd5 40. a4 Kd6 41. Kh3 Kc6 42. g4 hxg4+ 43. Kxg4 Nf7 44. f4 b6 45. Rb2 Ne3+ 46. Kf3 Nc4 47. Rg2 Kc5 48. Ke4 e5 49. Rxg6 Nfd6+ 50. Kd3 exf4 51. Rf6 f3 52. Rf4 Ne5+ 53. Ke3 Ndc4+ 0-1

[Event "Barcelona Segura Memorial 1st"]
[Site "Barcelona"]
[Date "2021.11.10"]
[Round "7"]
[White "De la Plaza Gras, Jordi"]
[Black "Garcia Ruiz, Adrian"]
[Result "1/2-1/2"]
[WhiteElo "2040"]
[BlackElo "1911"]
[PlyCount "115"]
[EventDate "2021.09.29"]
[EventType "swiss"]
[EventRounds "9"]
[EventCountry "ESP"]
[SourceTitle "EXT 2023"]
[Source "ChessBase"]
[SourceDate "2022.10.05"]
[SourceVersion "1"]
[SourceVersionDate "2022.10.05"]
[SourceQuality "1"]

1. f4 Nf6 2. Nf3 d5 3. g3 g6 4. Bg2 Bg7 5. 0-0 0-0 6. d3 c5 7. c3 Nc6 8. Qc2 d4 9. Na3 Nd5 10. e4 dxe3 11. Re1 e5 12. fxe5 Nxe5 13. Nxe5 Bxe5 14. Bxe3 Nxe3 15. Rxe3 Bg7 16. Rae1 Rb8 17. Qa4 Be6 18. Qxa7 Bh6 19. R3e2 Qxd3 20. Qxc5 Bd2 21. Be4 Qd7 22. Rf1 Bxa2 23. Nc4 Bh6 24. Nb6 Qd8 25. Bd5 Bxd5 26. Nxd5 Bg7 27. Re7 b6 28. Qb5 Qd6 29. Rd7 Qe6 30. Rd1 Rfe8 31. Nf4 Qe3+ 32. Kg2 Qe4+ 33. Kh3 Be5 34. Qd5 Qf5+ 35. Kg2 Bxf4 36. Qxf5 gxf5 37. gxf4 Re2+ 38. Kg3 Rxb2 39. h3 Rc8 40. Rd8+ Rxd8 41. Rxd8+ Kg7 42. Rd6 Rb3 43. Kh4 Rxc3 44. Rxb6 f6 45. Rb4 Kg6 46. Rb3 Rc4 47. Rg3+ Kf7 48. Rf3 Ke6 49. Kg3 Kd5 50. Re3 Re4 51. Rd3+ Rd4 52. Re3 Re4 53. Ra3 Kd4 54. Kf3 Re1 55. Ra4+ Kd3 56. Ra3+ Kd4 57. Ra4+ Kd3 58. Ra3+ 1/2-1/2

[Event "Barcelona Segura Memorial 1st"]
[Site "Barcelona"]
[Date "2021.10.20"]
[Round "4"]
[White "De la Plaza Gras, Jordi"]
[Black "Sobrevia Castellar, Lluis"]
[Result "1-0"]
[WhiteElo "2040"]
[BlackElo "1751"]
[PlyCount "53"]
[EventDate "2021.09.29"]
[EventType "swiss"]
[EventRounds "9"]
[EventCountry "ESP"]
[SourceTitle "EXT 2023"]
[Source "ChessBase"]
[SourceDate "2022.10.05"]
[SourceVersion "1"]
[SourceVersionDate "2022.10.05"]
[SourceQuality "1"]

1. d4 Nf6 2. Bf4 d6 3. Nc3 e6 4. e4 a6 5. Nf3 b6 6. Bd3 Bb7 7. h3 Nbd7 8. Qe2 Be7 9. 0-0-0 Nh5 10. Be3 g6 11. g4 Ng7 12. Bh6 Bf8 13. Rhg1 Qe7 14. e5 b5 15. Ne4 Bxe4 16. Qxe4 Nb6 17. Qb7 d5 18. a4 bxa4 19. Bxa6 Qd7 20. Rd3 Kd8 21. Rc3 Ne8 22. Bg5+ Be7 23. Rc5 h6 24. Bb5 Qc8 25. Bxe7+ Kxe7 26. Qc6 Ra7 27. Qxb6 1-0

[Event "Sant Andreu Seniors"]
[Site "Barcelona"]
[Date "2019.10.12"]
[Round "4"]
[White "De la Plaza Gras, Jordi"]
[Black "Casals Potrony, Joan"]
[Result "1-0"]
[WhiteElo "2035"]
[BlackElo "1831"]
[PlyCount "62"]
[EventDate "2019.09.14"]
[EventType "tourn"]
[EventRounds "9"]
[EventCountry "ESP"]
[SourceTitle "CBM 195 Extra"]
[Source "ChessBase"]
[SourceDate "2020.05.31"]
[SourceVersion "1"]
[SourceVersionDate "2020.05.31"]
[SourceQuality "1"]

1. d4 Nf6 2. Bf4 g6 3. Nc3 Bg7 4. e4 d6 5. Qd2 0-0 6. Bh6 Nbd7 7. h4 c5 8. Bxg7 Kxg7 9. d5 h5 10. Be2 Ne5 11. f3 a6 12. Nh3 b5 13. Nf2 Bd7 14. Qf4 Qc8 15. Ncd1 c4 16. Ne3 c3 17. b3 Qc5 18. a3 Qd4 19. Rd1 Qc5 20. Nd3 Nxd3+ 21. Bxd3 Qxa3 22. Ke2 Qc5 23. g4 Rh8 24. g5 Nh7 25. e5 Rhf8 26. Qe4 dxe5 27. Qxe5+ f6 28. gxf6+ Rxf6 29. Rhg1 Kf7 30. Rxg6 Qd6 31. Qxd6 Rxd6 1-0

[Event "Catalunya-ch Seniors"]
[Site "Santa Susanna"]
[Date "2019.05.18"]
[Round "1"]
[White "De la Plaza Gras, Jordi"]
[Black "Vallbona Domingo, Joan"]
[Result "1-0"]
[WhiteElo "2070"]
[BlackElo "1888"]
[PlyCount "61"]
[EventDate "2019.05.18"]
[EventType "swiss"]
[EventRounds "9"]
[EventCountry "ESP"]
[SourceTitle "CBM 190 Extra"]
[Source "ChessBase"]
[SourceDate "2019.07.15"]
[SourceVersion "1"]
[SourceVersionDate "2019.07.15"]
[SourceQuality "1"]

1. f4 d5 2. Nf3 g6 3. g3 c5 4. Bg2 Nc6 5. 0-0 Bg7 6. d3 Nh6 7. c3 0-0 8. Qc2 b6 9. e4 dxe4 10. dxe4 Qc7 11. Na3 Ba6 12. Re1 Rad8 13. Bf1 Bxf1 14. Rxf1 Rd7 15. h3 Rfd8 16. Be3 Kh8 17. Rad1 Ng8 18. e5 Nh6 19. Ng5 e6 20. Nb5 Qb8 21. g4 Bf8 22. Ne4 a6 23. Nbd6 Ng8 24. Qg2 Qc7 25. Bf2 Kg7 26. Bh4 Be7 27. Bxe7 Rxe7 28. f5 exf5 29. Nxf5+ gxf5 30. gxf5+ Kh8 31. f6 1-0

[Event "Barcelona La Lira op 12th"]
[Site "Barcelona"]
[Date "2019.05.16"]
[Round "6"]
[White "De la Plaza Gras, Jordi"]
[Black "Guix Torres, David"]
[Result "0-1"]
[WhiteElo "2070"]
[BlackElo "1972"]
[PlyCount "102"]
[EventDate "2019.04.04"]
[EventType "swiss"]
[EventRounds "9"]
[EventCountry "ESP"]
[SourceTitle "CBM 190 Extra"]
[Source "ChessBase"]
[SourceDate "2019.07.15"]
[SourceVersion "1"]
[SourceVersionDate "2019.07.15"]
[SourceQuality "1"]

1. d4 Nf6 2. Bf4 c5 3. e3 cxd4 4. exd4 Qb6 5. Nc3 a6 6. a3 d5 7. Be2 Bd7 8. Rb1 e6 9. Nf3 Be7 10. 0-0 0-0 11. Ne5 Rc8 12. Qd3 Be8 13. b4 Nc6 14. Na4 Nxe5 15. Nxb6 Nxd3 16. Bxd3 Bb5 17. a4 Be8 18. Rfc1 Bd8 19. Nxc8 Rxc8 20. b5 axb5 21. Bxb5 Bxb5 22. Rxb5 b6 23. Rb4 Ne4 24. f3 Nc3 25. Re1 Na2 26. Rb2 Nc3 27. a5 bxa5 28. Rb8 Rxb8 29. Bxb8 Bb6 30. Bd6 Bxd4+ 31. Kf1 g5 32. Ra1 Nb5 33. Ra4 Nxd6 34. Rxd4 Nc4 35. Ke2 a4 36. Rd1 a3 37. Re1 Kg7 38. Kd3 Kf6 39. Kc3 Kf5 40. g3 h5 41. Kb3 g4 42. f4 f6 43. Re2 e5 44. fxe5 fxe5 45. c3 e4 46. Rf2+ Ke5 47. Rf8 e3 48. Re8+ Kf5 49. Re7 a2 50. Kxa2 Ne5 51. Re8 e2 0-1

[Event "Barcelona La Lira op 12th"]
[Site "Barcelona"]
[Date "2019.05.09"]
[Round "5"]
[White "Repiso Alvarez, Jorge"]
[Black "De la Plaza Gras, Jordi"]
[Result "1/2-1/2"]
[WhiteElo "1871"]
[BlackElo "2070"]
[PlyCount "50"]
[EventDate "2019.04.04"]
[EventType "swiss"]
[EventRounds "9"]
[EventCountry "ESP"]
[SourceTitle "CBM 190 Extra"]
[Source "ChessBase"]
[SourceDate "2019.07.15"]
[SourceVersion "1"]
[SourceVersionDate "2019.07.15"]
[SourceQuality "1"]

1. d4 Nf6 2. c4 e6 3. Nc3 Bb4 4. e3 0-0 5. Bd3 d5 6. Nf3 c5 7. 0-0 cxd4 8. exd4 dxc4 9. Bxc4 Nbd7 10. a3 Be7 11. Be3 Nb6 12. Ba2 Bd7 13. Ne5 Rc8 14. Rc1 Bc6 15. Nxc6 Rxc6 16. Qd3 a6 17. Ne4 Rxc1 18. Rxc1 Nbd5 19. Bb1 Qd7 20. Nxf6+ Nxf6 21. Qc2 Qd5 22. h3 Bd6 23. b4 Qh5 24. Qd1 Qxd1+ 25. Rxd1 Rc8 1/2-1/2

[Event "Barcelona La Lira op 12th"]
[Site "Barcelona"]
[Date "2019.04.25"]
[Round "3"]
[White "Menarguez Martinez, Jose"]
[Black "De la Plaza Gras, Jordi"]
[Result "0-1"]
[WhiteElo "1704"]
[BlackElo "2070"]
[PlyCount "48"]
[EventDate "2019.04.04"]
[EventType "swiss"]
[EventRounds "9"]
[EventCountry "ESP"]
[SourceTitle "CBM 190 Extra"]
[Source "ChessBase"]
[SourceDate "2019.07.15"]
[SourceVersion "1"]
[SourceVersionDate "2019.07.15"]
[SourceQuality "1"]

1. g3 g6 2. Bg2 Bg7 3. e3 f5 4. Ne2 Nf6 5. d3 0-0 6. 0-0 e5 7. Nbc3 d5 8. f4 exf4 9. exf4 d4 10. Nb1 c5 11. b3 Nd5 12. a4 Nc6 13. Ra3 Qd7 14. Re1 b6 15. Bd2 Bb7 16. Qc1 Ncb4 17. h4 Rfe8 18. Kf2 Re6 19. Ng1 Rxe1 20. Bxe1 Re8 21. Bd2 Ne3 22. Bxb7 Qxb7 23. Bxe3 dxe3+ 24. Ke2 Qg2+ 0-1

[Event "Barcelona Canovelles U2200 op"]
[Site "Barcelona"]
[Date "2018.12.29"]
[Round "5.4"]
[White "De la Plaza Gras, Jordi"]
[Black "Abreu Flores, Daniel"]
[Result "0-1"]
[WhiteElo "2019"]
[BlackElo "1907"]
[PlyCount "68"]
[EventDate "2018.12.27"]
[EventType "swiss"]
[EventRounds "8"]
[EventCountry "ESP"]
[SourceTitle "EXT 2024"]
[Source "ChessBase"]
[SourceDate "2023.10.10"]
[SourceVersion "1"]
[SourceVersionDate "2023.10.10"]
[SourceQuality "1"]

1. d4 e6 2. Bf4 b6 3. e3 Bb7 4. Nf3 Be7 5. Nbd2 d6 6. h3 Nc6 7. a3 g5 8. Bg3 h5 9. Bc4 Nh6 10. Qe2 Nf5 11. 0-0-0 Nxg3 12. fxg3 d5 13. Ba6 Bxa6 14. Qxa6 Qc8 15. Qe2 Qb7 16. e4 0-0-0 17. exd5 exd5 18. Nb3 Rde8 19. Qd3 a5 20. Qf5+ Kb8 21. Nxg5 a4 22. Na1 Na5 23. Nf3 Nc4 24. Qd7 Bd6 25. Rde1 Rd8 26. Qxa4 Bxg3 27. Re2 b5 28. Qb3 Rhe8 29. Qd3 Rxe2 30. Qxe2 Qc6 31. Ne5 Qe6 32. Qf3 Qh6+ 33. Kb1 Nd2+ 34. Ka2 Nxf3 0-1

[Event "Barcelona Canovelles U2200 op"]
[Site "Barcelona"]
[Date "2018.12.28"]
[Round "3.6"]
[White "Zheng, Hong Wei"]
[Black "De la Plaza Gras, Jordi"]
[Result "0-1"]
[WhiteElo "1916"]
[BlackElo "2019"]
[PlyCount "156"]
[EventDate "2018.12.27"]
[EventType "swiss"]
[EventRounds "8"]
[EventCountry "ESP"]
[SourceTitle "EXT 2024"]
[Source "ChessBase"]
[SourceDate "2023.10.10"]
[SourceVersion "1"]
[SourceVersionDate "2023.10.10"]
[SourceQuality "1"]

1. d4 f5 2. Bg5 g6 3. Nd2 Bg7 4. e4 fxe4 5. Nxe4 d5 6. Ng3 Nh6 7. Nh5 gxh5 8. Bxh6 Bg4 9. Qd2 Bf6 10. h3 Bf5 11. Be2 Bg6 12. Bg5 Qd6 13. Bxf6 Qxf6 14. Bf3 c6 15. Ne2 Rf8 16. 0-0-0 Nd7 17. h4 0-0-0 18. Qe3 e5 19. dxe5 Qxe5 20. Qxa7 Rxf3 21. Qa8+ Nb8 22. gxf3 Qxe2 23. Rd2 Qxf3 24. Re1 Re8 25. Rxe8+ Bxe8 26. Qa7 Qh1+ 27. Rd1 Qxh4 28. Qe3 Qe4 29. Qh3+ Qg4 30. Qe3 Bg6 31. f4 Nd7 32. Rg1 Qf5 33. Qf2 Nf6 34. Rg5 Ne4 35. Rxf5 Nxf2 36. Rf8+ Kc7 37. f5 Ng4 38. fxg6 hxg6 39. Rf7+ Kb6 40. Kd2 h4 41. Rh7 Ne5 42. Ke2 g5 43. Rg7 g4 44. Rg5 Nc4 45. b3 Na3 46. Kd3 g3 47. Rg4 Nb5 48. Rxh4 Nd6 49. Rg4 Ne4 50. Ke3 Kc5 51. a3 b5 52. Rg8 Nd6 53. Rg4 Ne4 54. Rg6 Kb6 55. Kf3 Kc5 56. Ke3 Kb6 57. b4 Kc7 58. Kf3 Kd7 59. Kf4 Nc3 60. Ke5 Ne2 61. Rg7+ Ke8 62. Rg6 Kf7 63. Rg4 Kf8 64. Kd6 Kf7 65. Kxc6 Ke6 66. Kxb5 Kf5 67. Rg8 Nc3+ 68. Ka5 Ne4 69. b5 Ng5 70. Re8 Ne6 71. Rh8 g2 72. Rg8 Ng5 73. Rf8+ Kg4 74. b6 g1Q 75. Ka6 Qc5 76. Ra8 Ne6 77. Kb7 Qe7+ 78. Kb8 Nc5 0-1

[Event "Catalunya-ch Seniors 34th"]
[Site "Lloret del Mar"]
[Date "2018.05.25"]
[Round "7"]
[White "Salvo Garcia, Roger"]
[Black "De la Plaza Gras, Jordi"]
[Result "1/2-1/2"]
[WhiteElo "2083"]
[BlackElo "1973"]
[PlyCount "43"]
[EventDate "2018.05.19"]
[EventType "swiss"]
[EventRounds "9"]
[EventCountry "ESP"]
[SourceTitle "CBM 184 Extra"]
[Source "ChessBase"]
[SourceDate "2018.06.28"]
[SourceVersion "1"]
[SourceVersionDate "2018.06.28"]
[SourceQuality "1"]

1. d4 f5 2. Nf3 Nf6 3. Bf4 e6 4. e3 h6 5. h3 d6 6. Bd3 Nc6 7. c3 Qe7 8. Bh2 Bd7 9. Qc2 0-0-0 10. Nbd2 g5 11. 0-0-0 d5 12. Ne5 Rg8 13. Kb1 Ne4 14. Rdf1 Nxe5 15. Bxe5 Bg7 16. Nf3 Nd6 17. Bxg7 Rxg7 18. Ne5 Nf7 19. g3 Nxe5 20. dxe5 Re8 21. Re1 h5 22. g4 1/2-1/2

[Event "Catalunya-ch Seniors 34th"]
[Site "Lloret del Mar"]
[Date "2018.05.22"]
[Round "4"]
[White "Anguera Maestro, Jaime"]
[Black "De la Plaza Gras, Jordi"]
[Result "0-1"]
[WhiteElo "2031"]
[BlackElo "1973"]
[PlyCount "134"]
[EventDate "2018.05.19"]
[EventType "swiss"]
[EventRounds "9"]
[EventCountry "ESP"]
[SourceTitle "CBM 184 Extra"]
[Source "ChessBase"]
[SourceDate "2018.06.28"]
[SourceVersion "1"]
[SourceVersionDate "2018.06.28"]
[SourceQuality "1"]

1. d4 f5 2. g3 Nf6 3. Bg2 g6 4. c4 Bg7 5. Nc3 d6 6. Nf3 0-0 7. 0-0 c6 8. Bf4 Nh5 9. Bg5 h6 10. Bd2 e5 11. e3 Qe8 12. d5 e4 13. Nd4 c5 14. Nde2 a6 15. Na4 Nd7 16. Nf4 Nxf4 17. exf4 b5 18. Nc3 Nb6 19. Qe2 Nxc4 20. Nd1 Bb7 21. Bc3 Bxd5 22. Bxg7 Kxg7 23. b3 Nb6 24. Qd2 Qe6 25. Ne3 Bc6 26. Rfd1 Nc8 27. Rac1 Rf7 28. Bf1 Rd7 29. Rc2 Kh7 30. Qc1 Nb6 31. Rcd2 Bb7 32. Qa3 Rc8 33. Rc2 Rdc7 34. Rdc1 Nd7 35. b4 d5 36. bxc5 d4 37. c6 Rxc6 38. Rxc6 Rxc6 39. Rxc6 Bxc6 40. Nc2 Qf6 41. Qxa6 d3 42. Ne3 Qd6 43. Qa5 h5 44. h4 Nf6 45. Qd2 b4 46. Qb2 Nd7 47. Nc4 Qc5 48. Ne3 Qc3 49. Qb1 Ba4 50. Nd5 Qd4 51. Qxb4 Qxb4 52. Nxb4 d2 53. Be2 d1Q+ 54. Bxd1 Bxd1 55. Kf1 Kg7 56. Ke1 Ba4 57. Kd2 Nc5 58. Ke3 Bb5 59. Nd5 Kf7 60. a3 Nd3 61. Nc3 Ba6 62. Nd5 Bb7 63. Nb6 Nb2 64. a4 Ba6 65. f3 exf3 66. Kxf3 Ke6 67. Ke3 Nc4+ 0-1